| 000 | 00335nam a22001337a 4500 | ||
|---|---|---|---|
| 005 | 20230722120801.0 | ||
| 008 | 230722b ||||| |||| 00| 0 eng d | ||
| 040 | _cAL | ||
| 082 |
_219 _a362.30 _bMUKT |
||
| 100 |
_aMukhopadhyay _9128137 |
||
| 245 | _aTurning their lives to askes | ||
| 260 |
_aNew Delhi _bVHAI _c2008 |
||
| 942 |
_2ddc _cBK |
||
| 999 |
_c228087 _d228087 |
||